Security and Defence in South-West England Before 1800 : (Record no. 618403)

MARC details
000 -LEADER
fixed length control field 00537nam a2200193 a 4500
008 - FIXED-LENGTH DATA ELEMENTS--GENERAL INFORMATION
fixed length control field 260330s1987##################000#0#eng##
020 ## - INTERNATIONAL STANDARD BOOK NUMBER
ISBN 9780859892094
082 04 - DEWEY DECIMAL CLASSIFICATION NUMBER
Classification number 355.709423
Item number STA
100 1# - MAIN ENTRY--AUTHOR NAME
Personal name Higham, Robert,
245 10 - TITLE STATEMENT
Title Security and Defence in South-West England Before 1800 :
260 ## - PUBLICATION, DISTRIBUTION, ETC. (IMPRINT)
Name of publisher University of Exeter Press,
Year of publication 1987.
300 ## - PHYSICAL DESCRIPTION
Number of Pages 116 pages
650 #0 - SUBJECT ADDED ENTRY--TOPICAL TERM
Topical Term History.
942 ## - ADDED ENTRY ELEMENTS (KOHA)
Koha item type English Books
Holdings
Withdrawn status Lost status Damaged status Not for loan Home library Current library Shelving location Date acquired Full call number Accession Number Price effective from Koha item type
        Anna Centenary Library Anna Centenary Library 4TH FLOOR, A WING 30.03.2026 355.709423 STA 465188 30.03.2026 English Books

Find us on the map